000 01015cab a2200229 4500
001 E86236
008 090401t1997 xxu||||| |||| 00| 0 eng d
035 _a(Sirsi) u80652
041 _aeng
245 _aSouth Lanarkshire Council v Secretary of State for Scotland
260 _c1997
350 _a0
490 _aScots Law Times
_v1997 SLT 961-965(5)
520 _aExtra Division. 6 December 1996. Town and country planning - planning permission - conditions - permission to erect gates across access lanes on condition that stopping up order obtained - doubt as to whether public right of passage existed - whether reporter on appeal bound to resolve issue - whether appropriate to impose condition - Town and Country Planning (Scotland) Act 1972 (c52), s198A.
650 _aPLANNING PERMISSIONS
650 _aRIGHT OF PASSAGE
650 _aSTOPPING UP
650 _aTOWN AND COUNTRY PLANNING (SCOTLAND) ACT 1972
690 _aPLANNING LAW AND PRACTICE-CASE LAW
942 _n0
948 _c03/09/1997
999 _c50774
_d50774